000 00866cam a2200241 a 4500
001 000005755
005 20200929151754.0
008 781025s1976 uy 000 0 spa
040 _aDO-SdBNP
_bspa
_cBNPHU
082 _a989.5
_bM332m
100 1 _aMaría, Isidoro De,
_d1815-1906.
_916291
245 1 0 _aMontevideo antiguo :
_btradiciones y recuerdos /
_cIsidoro De María ; prólogo de Juan E. Pivel Devoto.
260 _aMontevideo :
_bMinisterio de Instrucción Pública y Previsión Social,
_c1976.
300 _a2 v. ;
_c20 cm.
490 1 _aBiblioteca Artigas
490 1 _aClásicos uruguayos
_v23-24
651 4 _aMontevideo (Uruguay{Rpara}
_xHistoria
_916292
700 1 _aPivel Devoto, Juan E.,
_epról.
_916271
830 0 _aClásicos uruguayos ;
_v23-24
_916278
830 0 _aBiblioteca Artigas
_916279
910 _aCatalogación derivada
910 _aWM
999 _c5551
_d5551